🎶 Paroles "Petit Papa Noël" par Tino Rossi - Statistiques

Statistiques générales
  • Ce quiz a Ă©tĂ© pris 712 fois
  • Le rĂ©sultat moyen est 130 sur 174
Statistiques - réponses
Mots % Correct
Papa
100%
(Refrain :)
100%
(Refrain)
100%
t'
100%
C'
99%
d'
99%
N'
99%
n'
99%
Noël
99%
Noël...
99%
Petit
99%
petit
99%
Quand
99%
quand
99%
A
98%
Ă 
98%
ciel,
98%
ciel
98%
de
98%
des
98%
tu
98%
du
97%
m'
97%
Et
96%
j'
96%
par
96%
Avec
95%
pas
95%
Il
94%
milliers
94%
soulier
94%
descendras
93%
est
93%
jouets
93%
oublie
93%
te
92%
mon
90%
froid
88%
Avant
87%
avant
87%
bien
87%
le
87%
Le
87%
Mais,
87%
Mais
87%
partir,
87%
un
87%
couvrir
86%
faudra
85%
la
85%
La
85%
moi
84%
cause
83%
peu
83%
si
83%
les
82%
Les
82%
avoir
81%
Dehors
81%
en
80%
me
80%
vas
79%
nuit
78%
se
78%
je
75%
Je
75%
ai
74%
que
74%
as
73%
ta
73%
Ta
73%
jour
72%
Pour
72%
apporté
71%
belle
71%
lève
71%
neige
71%
Tous
71%
tous
71%
beau
70%
voir
68%
beaux
67%
blanc
67%
rĂŞve
67%
son
67%
vois
66%
enfants,
65%
enfants
65%
joujoux
64%
manteau
64%
tarde
63%
petits
62%
une
62%
tant
59%
été
58%
ton
54%
commandés
53%
très
52%
prière.
51%
vers
51%
dernière
50%
paupières,
50%
sage
50%
fermer
49%
jours
49%
yeux
49%
demande
47%
sur
47%
Au
46%
étend
46%
hotte
45%
genoux,
44%
Font
41%
dos
40%
faire
37%
vont
35%
passé
34%
cloches
33%
églises
32%
levés
32%
pardon
32%
dodo
31%
marchand
31%
sable
31%
pouvoir
29%
seras
29%
nuage
28%
commencer
25%
maison
24%
surprises
23%
distribution
22%
notre
22%
Viens
16%
abord
15%
Aucun quiz correspondant
Distribution des résultats
% des personnes avec chaque résultat
Percentile par nombre de réponses
Votre historique - résultats
Vous n’avez pas pris ce quiz